Statistics for F1 Podiums 1965

Click here to take the quiz!

General Stats

  • This quiz has been taken 99 times
  • The average score is 7 of 10

Answer Stats

Answer% Correct
Graham Hill
100%
Jim Clark
97%
John Surtees
87%
Jack Brabham
85%
Jackie Stewart
85%
Dan Gurney
69%
Richie Ginther
69%
Bruce McLaren
62%
Lorenzo Bandini
56%
Mike Spence
33%

Score Distribution

Percentile by Number Answered

Percent of People with Each Score

Your Score History

You have not taken this quiz